000 00701nam a22002537a 4500
003 UA-OsUOA
001 23677
007 ta
008 20040127b un ||||| |||| 00| 0 ukr d
100 _aГоловатый Н.Ф.
090 _a316.346.32-053.6
_bГ61
942 _cBK
040 _aUA-OsUOA
_brus
_cUA-OsUOA
_dUA-OsUOA
245 _aСоциология Молодежи
_bКурс лекций
300 _a224 с.
955 _a0
041 _arus
080 _a316.346.32-053.6
020 _a966-608-001-Х
260 _aКиев
_bМежрегиональная Академия Управления Персоналом
_c1999
044 _aRU
650 7 _2UDC
999 _c309932
_d309932